[Event "Passau op 6th"]
[Site "Passau"]
[Date "1998.04.12"]
[Round "6"]
[White "Gottwald, Andreas"]
[Black "Schaper, Adolf"]
[Result "1/2-1/2"]
[WhiteElo "1693"]
[BlackElo "1704"]
[PlyCount "87"]
[EventDate "1998.04.10"]
[EventType "swiss"]
[EventRounds "7"]
[EventCountry "GER"]
[SourceTitle "EXT 1999"]
[Source "ChessBase"]
[SourceDate "1998.11.16"]
[SourceVersion "1"]
[SourceVersionDate "1998.11.16"]
[SourceQuality "1"]

1. e4 e5 2. Bc4 Nf6 3. Nf3 d5 4. exd5 Nxd5 5. Qe2 Be6 6. d4 exd4 7. Nxd4 Qe7 8. Nxe6 fxe6 9. 0-0 Nd7 10. Re1 N7b6 11. Bb3 c6 12. Qxe6 Qxe6 13. Rxe6+ Kd7 14. Re2 Re8 15. Rxe8 Kxe8 16. Nd2 Be7 17. Ne4 h6 18. Bd2 Rf8 19. Re1 Kd7 20. Rd1 Ke8 21. a3 Nd7 22. Bxd5 cxd5 23. Nc3 Rf5 24. Be3 Bf6 25. Bd4 Bxd4 26. Rxd4 Nb6 27. Kf1 g5 28. Nb5 Kd7 29. b3 a6 30. Nc3 Kc6 31. Ne2 Nc8 32. h4 Nd6 33. a4 Re5 34. hxg5 hxg5 35. f4 gxf4 36. Rxf4 Ne4 37. g4 Kc5 38. Rf5 Rxf5+ 39. gxf5 Kd6 40. Kg2 Ke5 41. Kf3 Kxf5 42. Ke3 Ke5 43. Nd4 Kd6 44. Kd3 1/2-1/2